[Event "Toronto-ch"]
[Site "Toronto CAN"]
[Date "2000.02.11"]
[Round "2"]
[White "Vaingorten, Yaaqov"]
[Black "Loo, Kent"]
[Result "1-0"]
[WhiteElo "2231"]
[BlackElo "2214"]
[PlyCount "69"]
[GameId "2160767911733132"]
[EventDate "2000.02.09"]
[EventType "tourn"]
[EventRounds "10"]
[EventCountry "CAN"]

1. Nf3 d5 2. d4 Nf6 3. c4 e6 4. Nc3 Be7 5. cxd5 exd5 6. Qc2 O-O 7. Bg5 c6 8. e3 h6 9. Bf4 Bd6 10. Be5 Ng4 11. Bxd6 Qxd6 12. h3 Nf6 13. Bd3 Be6 14. Ne5 Nfd7 15. f4 Nxe5 16. fxe5 Qe7 17. O-O c5 18. Qf2 Nc6 19. Bb5 cxd4 20. exd4 Qb4 21. Bxc6 bxc6 22. a3 Qb3 23. Qd2 Rab8 24. Rf2 Qc4 25. Rc1 Qb3 26. Nd1 Qb6 27. Rc3 Rbc8 28. Rg3 Kh7 29. b4 Qb5 30. Rf4 Rh8 31. Rh4 Bf5 32. Ne3 Qd3 33. Qxd3 Bxd3 34. Ng4 Be4 35. Rxh6+ 1-0

[Event "Toronto-ch"]
[Site "Toronto CAN"]
[Date "2000.02.16"]
[Round "3"]
[White "Bluvshtein, Mark"]
[Black "Vaingorten, Yaaqov"]
[Result "1-0"]
[WhiteElo "2252"]
[BlackElo "2231"]
[PlyCount "95"]
[GameId "2160767911733133"]
[EventDate "2000.02.09"]
[EventType "tourn"]
[EventRounds "10"]
[EventCountry "CAN"]

1. e4 e6 2. d4 d5 3. Nc3 Bb4 4. e5 Ne7 5. a3 Bxc3+ 6. bxc3 b6 7. Qg4 Ng6 8. h4 h5 9. Qg3 Ba6 10. Bxa6 Nxa6 11. Ne2 Nb8 12. f4 Qd7 13. O-O Nc6 14. f5 exf5 15. Qg5 Qe7 16. Rxf5 Qxg5 17. Bxg5 Nge7 18. Rf3 O-O 19. Raf1 Rae8 20. Nf4 Na5 21. Bxe7 Rxe7 22. Ng6 Rfe8 23. Nxe7+ Rxe7 24. Rg3 Kh7 25. Rg5 g6 26. Rf6 Nc4 27. e6 fxe6 28. Rgxg6 Nxa3 29. Rxe6 Rxe6 30. Rxe6 Nb5 31. Rc6 a5 32. c4 dxc4 33. Rxc4 Kg6 34. d5 Kf5 35. Rc6 a4 36. c4 Nd6 37. Rxc7 a3 38. c5 bxc5 39. Rxc5 Ke5 40. g4 hxg4 41. h5 Kf5 42. Ra5 Kg5 43. Rxa3 Kxh5 44. Ra6 Nf7 45. Rf6 Nd8 46. d6 Kg5 47. Rf8 Ne6 48. d7 1-0

[Event "Toronto-ch"]
[Site "Toronto CAN"]
[Date "2000.02.16"]
[Round "3"]
[White "Langen, Roger"]
[Black "Paterson, Jim"]
[Result "1-0"]
[WhiteElo "2238"]
[BlackElo "2078"]
[PlyCount "85"]
[GameId "2160767911733135"]
[EventDate "2000.02.09"]
[EventType "tourn"]
[EventRounds "10"]
[EventCountry "CAN"]

1. e4 e6 2. d3 d5 3. Qe2 Be7 4. g3 Nf6 5. Bg2 Nc6 6. Nf3 dxe4 7. dxe4 e5 8. c3 h6 9. O-O O-O 10. Rd1 Bd6 11. Na3 Qe7 12. b4 Bg4 13. Nc4 Rad8 14. a4 Bxb4 15. cxb4 Nd4 16. Rxd4 Rxd4 17. Qc2 Rxe4 18. Ncd2 Rxb4 19. Ba3 a5 20. Bxb4 axb4 21. Nh4 b6 22. Bc6 Bd7 23. Rc1 Rd8 24. Nf1 Be6 25. Ne3 b3 26. Qc3 Qd6 27. Rd1 Qf8 28. Nf3 Rxd1+ 29. Nxd1 Qd6 30. Nb2 e4 31. Nd4 Qe5 32. Ne2 Qd6 33. Nd4 Qe5 34. Ne2 Qd6 35. Nf4 Nd5 36. Bxd5 Bxd5 37. Qd4 c6 38. Qxb6 Qa3 39. Qd4 Qa1+ 40. Kg2 e3+ 41. Nxd5 e2 42. Ne7+ Kh8 43. Qd8+ 1-0

[Event "Toronto-ch"]
[Site "Toronto CAN"]
[Date "2000.02.16"]
[Round "3"]
[White "Loo, Kent"]
[Black "Teodoro, Roderick"]
[Result "0-1"]
[WhiteElo "2214"]
[BlackElo "2240"]
[PlyCount "160"]
[GameId "2160767911733136"]
[EventDate "2000.02.09"]
[EventType "tourn"]
[EventRounds "10"]
[EventCountry "CAN"]

1. c4 Nf6 2. g3 c5 3. Bg2 g6 4. Nc3 Bg7 5. Nf3 O-O 6. O-O d5 7. cxd5 Nxd5 8. Qb3 Nb6 9. d3 Nc6 10. Ne4 Nd4 11. Nxd4 cxd4 12. Nc5 Qc7 13. Qa3 Rd8 14. Bd2 Nd5 15. Rac1 Qd6 16. Qb3 b6 17. Ne4 Qd7 18. Ng5 Bb7 19. Rc2 h6 20. Nf3 Rac8 21. Rfc1 Rxc2 22. Rxc2 e5 23. a3 Ne7 24. Ne1 Bd5 25. Bxd5 Nxd5 26. Qc4 Kh7 27. Nf3 f5 28. Qc6 Qf7 29. Be1 e4 30. Nd2 Qe7 31. Kf1 g5 32. Qc4 h5 33. Nb3 Qe5 34. Bd2 f4 35. dxe4 Qxe4 36. Qd3 Qxd3 37. exd3 fxg3 38. hxg3 g4 39. Rc6 Rd7 40. Bg5 Rf7 41. Ke2 Rc7 42. Rxc7 Nxc7 43. Bf4 Nd5 44. Bb8 a6 45. Nd2 Kg6 46. Nc4 Kf5 47. Ba7 b5 48. Nd2 Nc7 49. Ne4 Ne6 50. Nd6+ Ke5 51. Bb8 Kd5 52. Nf5 Bf8 53. Ba7 Ke5 54. Nh4 Bd6 55. Bb6 b4 56. axb4 Bxb4 57. Ba7 Bd6 58. Bb6 Kd5 59. Nf5 Be5 60. Ne7+ Kd6 61. Ng6 Bf6 62. Ba5 Kc5 63. Bd2 Kb5 64. f3 Ka4 65. Nf4 Nxf4+ 66. Bxf4 Kb3 67. Bc7 Kxb2 68. f4 Kc3 69. Ba5+ Kb3 70. Bc7 Be7 71. f5 Bf6 72. Kd2 Kb4 73. Kc2 Kc5 74. Kb3 Kd5 75. Ba5 h4 76. gxh4 Bxh4 77. Bc7 g3 78. f6 Ke6 79. Bb6 Bxf6 80. Bc7 Be5 0-1

[Event "Toronto-ch"]
[Site "Toronto CAN"]
[Date "2000.02.16"]
[Round "3"]
[White "Peredun, Andrew"]
[Black "Evans, Bill"]
[Result "1-0"]
[WhiteElo "2255"]
[BlackElo "2175"]
[PlyCount "61"]
[GameId "2160767911733137"]
[EventDate "2000.02.09"]
[EventType "tourn"]
[EventRounds "10"]
[EventCountry "CAN"]

1. e4 d6 2. d4 Nf6 3. Bd3 e5 4. c3 Nc6 5. Nf3 Bg4 6. d5 Ne7 7. h3 Bd7 8. Be3 Ng6 9. g4 c6 10. c4 b5 11. Nc3 cxd5 12. cxd5 Be7 13. Ne2 O-O 14. a3 Re8 15. Ng3 Nf4 16. g5 N6h5 17. Nxh5 Nxh5 18. Nxe5 dxe5 19. Qxh5 b4 20. O-O bxa3 21. bxa3 Rc8 22. h4 Rc3 23. Qe2 Bh3 24. Rfc1 Rxc1+ 25. Bxc1 Qc8 26. Kh2 Bg4 27. f3 Bh5 28. Kg3 Qc3 29. Bb2 Qb3 30. Qc2 Rb8 31. Bxe5 1-0

[Event "Toronto-ch"]
[Site "Toronto CAN"]
[Date "2000.02.18"]
[Round "4"]
[White "Evans, Bill"]
[Black "Teodoro, Eduardo"]
[Result "0-1"]
[WhiteElo "2175"]
[BlackElo "2437"]
[PlyCount "34"]
[GameId "2160767911733138"]
[EventDate "2000.02.09"]
[EventType "tourn"]
[EventRounds "10"]
[EventCountry "CAN"]

1. Nf3 g6 2. d4 f5 3. e4 fxe4 4. Ng5 Nf6 5. Nc3 d5 6. f3 exf3 7. Qxf3 Bg7 8. Bf4 O-O 9. Bd3 Nc6 10. Ne2 e5 11. dxe5 Nh5 12. g3 Nxe5 13. Qe3 Nxd3+ 14. Qxd3 Bf5 15. Qd2 h6 16. Nf3 g5 17. Be5 Be4 0-1

[Event "Toronto-ch"]
[Site "Toronto CAN"]
[Date "2000.02.18"]
[Round "4"]
[White "Paterson, Jim"]
[Black "Peredun, Andrew"]
[Result "1/2-1/2"]
[WhiteElo "2078"]
[BlackElo "2255"]
[PlyCount "109"]
[GameId "2160767911733140"]
[EventDate "2000.02.09"]
[EventType "tourn"]
[EventRounds "10"]
[EventCountry "CAN"]

1. e4 c5 2. Nf3 Nc6 3. d4 cxd4 4. Nxd4 e5 5. Nb5 a6 6. Nd6+ Bxd6 7. Qxd6 Qf6 8. Qxf6 Nxf6 9. Nc3 d5 10. Nxd5 Nxd5 11. exd5 Nb4 12. Bd3 Nxd3+ 13. cxd3 Bf5 14. O-O Kd7 15. Be3 Rac8 16. Rac1 Bxd3 17. Rfd1 Rxc1 18. Rxc1 Kd6 19. Rc3 Be4 20. f4 Bxd5 21. fxe5+ Kxe5 22. a4 Bc6 23. a5 Rd8 24. Kf2 f5 25. g3 h6 26. Rc5+ Kf6 27. h4 g5 28. Rc4 Kg6 29. hxg5 hxg5 30. Rd4 Rh8 31. Rd6+ Kh5 32. Bd4 Rh7 33. Be3 Be4 34. Bd4 Kg4 35. Be5 Re7 36. Bf6 Re8 37. Rd7 Re6 38. Bc3 Bc6 39. Rd4+ Be4 40. Rd8 Rh6 41. Be5 Rh2+ 42. Ke3 Rh1 43. Kf2 Rc1 44. Rg8 Rc5 45. Bf4 Rc2+ 46. Ke3 Rxb2 47. Rxg5+ Kh3 48. Rh5+ Kg2 49. Kd4 Kf3 50. Rh7 Rb4+ 51. Kc3 Rb5 52. Bc7 Rb1 53. Bf4 b6 54. axb6 Rxb6 55. Rh6 1/2-1/2

[Event "Toronto-ch"]
[Site "Toronto CAN"]
[Date "2000.02.18"]
[Round "4"]
[White "Teodoro, Roderick"]
[Black "Bluvshtein, Mark"]
[Result "1-0"]
[WhiteElo "2240"]
[BlackElo "2264"]
[PlyCount "77"]
[GameId "2160767911733141"]
[EventDate "2000.02.09"]
[EventType "tourn"]
[EventRounds "10"]
[EventCountry "CAN"]

1. e4 e6 2. d4 d5 3. exd5 exd5 4. c4 c6 5. Nc3 Bb4 6. Nf3 Bg4 7. a3 Bxc3+ 8. bxc3 Nf6 9. Bd3 dxc4 10. Bxc4 Qe7+ 11. Be3 Nd5 12. Bxd5 cxd5 13. Qa4+ Qd7 14. Qxd7+ Nxd7 15. Ne5 Bf5 16. Nxd7 Kxd7 17. Kd2 Rac8 18. Ra2 Rc6 19. Rb2 b6 20. Rb5 Be6 21. Rc1 h6 22. Rb3 Rc4 23. Rb4 Rc6 24. Rb3 g5 25. Re1 Bf5 26. Rb5 Kd6 27. Rc1 Re8 28. c4 Be6 29. c5+ Kd7 30. a4 Kc7 31. Rcb1 f5 32. f4 g4 33. a5 Rb8 34. Bf2 Bf7 35. Bh4 Re6 36. cxb6+ axb6 37. axb6+ Rbxb6 38. Rxb6 Rxb6 39. Bd8+ 1-0

[Event "Toronto-ch"]
[Site "Toronto CAN"]
[Date "2000.02.18"]
[Round "4"]
[White "Vaingorten, Yaaqov"]
[Black "Langen, Roger"]
[Result "1-0"]
[WhiteElo "2231"]
[BlackElo "2238"]
[PlyCount "75"]
[GameId "2160767911733142"]
[EventDate "2000.02.09"]
[EventType "tourn"]
[EventRounds "10"]
[EventCountry "CAN"]

1. Nf3 c5 2. c4 Nc6 3. Nc3 Nd4 4. e3 Nxf3+ 5. Qxf3 g6 6. d4 Bg7 7. d5 d6 8. e4 Nf6 9. Bd3 O-O 10. O-O Ng4 11. Qe2 a6 12. h3 Ne5 13. Bc2 b5 14. cxb5 axb5 15. Nxb5 Ba6 16. a4 Qa5 17. Bg5 Rfe8 18. Ra3 Rab8 19. f4 Nd7 20. Bd3 Qb4 21. Rb1 Nb6 22. Nc7 Bxd3 23. Rxd3 c4 24. Re3 Bd4 25. Nxe8 Rxe8 26. Kh1 Bxe3 27. Qxe3 Nxa4 28. Qa7 c3 29. Qd7 Rb8 30. Qxe7 c2 31. Rc1 Qxb2 32. f5 Qd4 33. Qxd6 Re8 34. Qd7 Qxe4 35. Bh6 Nc5 36. Qc6 Nd3 37. Rxc2 Nf2+ 38. Rxf2 1-0

[Event "Toronto-ch"]
[Site "Toronto CAN"]
[Date "2000.02.21"]
[Round "5"]
[White "Langen, Roger"]
[Black "Teodoro, Roderick"]
[Result "1/2-1/2"]
[WhiteElo "2238"]
[BlackElo "2240"]
[PlyCount "87"]
[GameId "2160767911733143"]
[EventDate "2000.02.09"]
[EventType "tourn"]
[EventRounds "10"]
[EventCountry "CAN"]

1. c4 Nf6 2. Nf3 c5 3. g3 g6 4. Bg2 Bg7 5. O-O O-O 6. Nc3 d5 7. cxd5 Nxd5 8. Qb3 Nb6 9. d3 Nc6 10. Be3 Nd4 11. Qd1 Bg4 12. Ne1 Rb8 13. h3 Bd7 14. Rc1 Bc6 15. Qd2 Bxg2 16. Nxg2 Nd5 17. Nxd5 Qxd5 18. b3 b6 19. Bxd4 Bxd4 20. Ne1 Rbd8 21. Nf3 Bg7 22. Qf4 Qh5 23. Qh4 Qxh4 24. Nxh4 e5 25. Nf3 f5 26. Rfd1 Rd7 27. Ng5 Bh6 28. h4 Bxg5 29. hxg5 f4 30. Rc4 fxg3 31. f3 Rd4 32. Kg2 Rf5 33. e3 Rd7 34. Rg4 Rf8 35. Kxg3 Rfd8 36. Re4 Rxd3 37. Rxd3 Rxd3 38. Rxe5 Kf7 39. Re4 Rd2 40. Rh4 Kg7 41. Ra4 a5 42. Re4 Kf7 43. Rh4 Kg7 44. Re4 1/2-1/2

[Event "Toronto-ch"]
[Site "Toronto CAN"]
[Date "2000.02.21"]
[Round "5"]
[White "Loo, Kent"]
[Black "Hunter, Mory"]
[Result "0-1"]
[WhiteElo "2214"]
[BlackElo "2059"]
[PlyCount "80"]
[GameId "2160767911733144"]
[EventDate "2000.02.09"]
[EventType "tourn"]
[EventRounds "10"]
[EventCountry "CAN"]

1. c4 e5 2. g3 d6 3. Bg2 f5 4. Nc3 Nf6 5. d3 Be7 6. Nf3 O-O 7. O-O c6 8. Rb1 Qe8 9. c5 h6 10. cxd6 Bxd6 11. Qc2 Na6 12. a3 Nc7 13. b4 g5 14. Bb2 a5 15. Nd2 Ne6 16. Nc4 Bc7 17. e3 axb4 18. axb4 b5 19. Nd2 Rb8 20. Ne2 Bb7 21. Nb3 Nd7 22. Bxc6 Bxc6 23. Qxc6 Rb6 24. Qc2 g4 25. f4 gxf3 26. Rxf3 Ng5 27. Rff1 Bd6 28. Nc5 Nxc5 29. bxc5 Qc6 30. Qb3+ Kh7 31. h4 Nf3+ 32. Rxf3 Qxf3 33. cxb6 Qxe2 34. Qe6 Qxe3+ 35. Kg2 Qe2+ 36. Kh3 Qg4+ 37. Kg2 Rg8 38. Qxd6 Qxg3+ 39. Kf1 Qg1+ 40. Ke2 Rg2+ 0-1

[Event "Toronto-ch"]
[Site "Toronto CAN"]
[Date "2000.02.21"]
[Round "5"]
[White "Peredun, Andrew"]
[Black "Vaingorten, Yaaqov"]
[Result "1/2-1/2"]
[WhiteElo "2255"]
[BlackElo "2231"]
[PlyCount "90"]
[GameId "2160767911733145"]
[EventDate "2000.02.09"]
[EventType "tourn"]
[EventRounds "10"]
[EventCountry "CAN"]

1. e4 e6 2. d4 d5 3. e5 c5 4. c3 Qb6 5. Nf3 Bd7 6. Bd3 Bb5 7. O-O Nc6 8. dxc5 Bxc5 9. b4 Bxd3 10. Qxd3 Bf8 11. Be3 Qc7 12. Nbd2 Nge7 13. Nb3 Ng6 14. Bd4 Be7 15. Rfe1 O-O 16. Qe3 Rfc8 17. a3 Nxd4 18. cxd4 Qc3 19. Rec1 Qxe3 20. fxe3 Nf8 21. Kf2 Nd7 22. Ke2 b5 23. Nc5 Nb6 24. Nd2 a5 25. Ndb3 Nc4 26. bxa5 Nxa5 27. Nxa5 Rxa5 28. g3 h5 29. h4 Kh7 30. Rab1 Rxa3 31. Rxb5 Ra7 32. Nd3 Rxc1 33. Nxc1 g5 34. hxg5 Bxg5 35. Kf3 Ra1 36. Ne2 Rf1+ 37. Kg2 Re1 38. Kf2 Ra1 39. Rb2 Ra3 40. Nf4 Bxf4 41. gxf4 Ra8 42. Kf3 Rg8 43. e4 dxe4+ 44. Kxe4 Rg1 45. d5 Re1+ 1/2-1/2

[Event "Toronto-ch"]
[Site "Toronto CAN"]
[Date "2000.02.21"]
[Round "5"]
[White "Teodoro, Eduardo"]
[Black "Paterson, Jim"]
[Result "1-0"]
[WhiteElo "2437"]
[BlackElo "2078"]
[PlyCount "85"]
[GameId "2160767911733146"]
[EventDate "2000.02.09"]
[EventType "tourn"]
[EventRounds "10"]
[EventCountry "CAN"]

1. e4 c5 2. Nf3 Nc6 3. d4 cxd4 4. Nxd4 Nf6 5. Nc3 e5 6. Ndb5 d6 7. Bg5 a6 8. Bxf6 gxf6 9. Na3 b5 10. Nd5 f5 11. Nxb5 axb5 12. Bxb5 Bd7 13. exf5 Rb8 14. a4 Qg5 15. g4 Nd4 16. h4 Qd8 17. Bxd7+ Kxd7 18. b4 h6 19. c3 Nc6 20. a5 Be7 21. a6 Na7 22. Qf3 Bxh4 23. Qe3 Nc8 24. a7 Ra8 25. Qd3 Nxa7 26. Qa6 Ke8 27. Rxh4 Qxh4 28. Qxd6 Qh1+ 29. Kd2 Qxd5+ 30. Qxd5 Rd8 31. Qxd8+ Kxd8 32. Rxa7 Rh7 33. f6 Kc8 34. b5 Kb8 35. b6 h5 36. g5 h4 37. g6 Rh6 38. g7 Rg6 39. Rxf7 h3 40. Rf8+ Kb7 41. g8=Q Rxg8 42. Rxg8 h2 43. Rh8 1-0

[Event "Toronto-ch"]
[Site "Toronto CAN"]
[Date "2000.02.26"]
[Round "6"]
[White "Hunter, Mory"]
[Black "Bluvshtein, Mark"]
[Result "0-1"]
[WhiteElo "2252"]
[BlackElo "2059"]
[PlyCount "98"]
[GameId "2160767911733149"]
[EventDate "2000.02.09"]
[EventType "tourn"]
[EventRounds "10"]
[EventCountry "CAN"]

1. e4 e6 2. b3 d5 3. Bb2 Nf6 4. e5 Nfd7 5. f4 c5 6. Qg4 Nc6 7. a3 h5 8. Qg3 g6 9. Bd3 Ne7 10. Nc3 a6 11. Nf3 b5 12. Ng5 Nb6 13. O-O c4 14. Be2 Nf5 15. Qf2 Qc7 16. b4 Bd7 17. Nd1 Na4 18. Bd4 a5 19. c3 Be7 20. Nf3 O-O-O 21. Ne3 Nxd4 22. Nxd4 Kb7 23. Rfb1 axb4 24. axb4 Ra8 25. Bf3 Bc6 26. Nec2 Ra6 27. Na3 Rha8 28. Nac2 Bd7 29. Qe2 Nb6 30. Rxa6 Rxa6 31. Ra1 Rxa1+ 32. Nxa1 Bf8 33. Nac2 Bh6 34. g3 h4 35. Qd1 hxg3 36. hxg3 g5 37. Ne2 gxf4 38. gxf4 f6 39. d4 cxd3 40. Qxd3 fxe5 41. fxe5 Qxe5 42. Na3 Qe3+ 43. Qxe3 Bxe3+ 44. Kf1 e5 45. Ke1 Kc6 46. Ng3 Bc1 47. Nc2 Nc4 48. Ke2 Bd2 49. Kd3 Bf4 0-1

[Event "Toronto-ch"]
[Site "Toronto CAN"]
[Date "2000.02.26"]
[Round "6"]
[White "Paterson, Jim"]
[Black "Evans, Bill"]
[Result "1/2-1/2"]
[WhiteElo "2078"]
[BlackElo "2175"]
[PlyCount "134"]
[GameId "2160767911741342"]
[EventDate "2000.02.09"]
[EventType "tourn"]
[EventRounds "10"]
[EventCountry "CAN"]

1. e4 c5 2. Nf3 Nc6 3. d4 cxd4 4. Nxd4 e5 5. Nb5 a6 6. Nd6+ Bxd6 7. Qxd6 Qf6 8. Qxf6 Nxf6 9. f3 d5 10. exd5 Nxd5 11. Bc4 Ndb4 12. Bb3 Nd4 13. Na3 Bf5 14. c3 Nd3+ 15. Kf1 Nxb3 16. axb3 Nc5 17. Be3 Nxb3 18. Rd1 O-O 19. Ke2 e4 20. Rd6 exf3+ 21. gxf3 Rfe8 22. Rb6 Nc5 23. Rd1 Re7 24. Rd5 Rae8 25. Rxc5 Rxe3+ 26. Kf2 Re2+ 27. Kg3 Bg6 28. Rxb7 h5 29. h4 Rd8 30. Nc4 Rd1 31. Ne5 Rg1+ 32. Kf4 Rh2 33. Nxg6 Rxg6 34. Rb8+ Kh7 35. Rxh5+ Rh6 36. Rxh6+ Kxh6 37. Rb6+ f6 38. Kg3 Rc2 39. f4 Kg6 40. Rxa6 Rxb2 41. Ra5 Rc2 42. f5+ Kh5 43. Rc5 Rc1 44. Rc4 Rg1+ 45. Kf2 Rg4 46. Rd4 Rxd4 47. cxd4 Kg4 48. Ke3 Kxf5 49. h5 Ke6 50. Ke4 Kd6 51. Kf5 Kd5 52. Kg6 Kxd4 53. Kxg7 f5 54. h6 f4 55. h7 f3 56. h8=Q Ke3 57. Qh6+ Ke2 58. Qe6+ Kf1 59. Kg6 f2 60. Kg5 Kg2 61. Qg4+ Kh1 62. Qf3+ Kg1 63. Qe3 Kg2 64. Qe2 Kg1 65. Qg4+ Kh1 66. Qh3+ Kg1 67. Qg3+ Kh1 1/2-1/2

[Event "Toronto-ch"]
[Site "Toronto CAN"]
[Date "2000.02.26"]
[Round "6"]
[White "Teodoro, Roderick"]
[Black "Peredun, Andrew"]
[Result "1/2-1/2"]
[WhiteElo "2240"]
[BlackElo "2255"]
[PlyCount "68"]
[GameId "2160767911741343"]
[EventDate "2000.02.09"]
[EventType "tourn"]
[EventRounds "10"]
[EventCountry "CAN"]

1. Nf3 c5 2. c4 Nc6 3. Nc3 g6 4. g3 Bg7 5. Bg2 e6 6. O-O Nge7 7. e3 d5 8. cxd5 Nxd5 9. d4 cxd4 10. Nxd5 exd5 11. Nxd4 Nxd4 12. exd4 O-O 13. Be3 Be6 14. Qb3 Qd7 15. Rac1 Rac8 16. Rfd1 b6 17. Qb4 Bh3 18. Bxh3 Qxh3 19. Qe7 a5 20. Qd6 Qe6 21. Qxe6 fxe6 22. b3 b5 23. Kf1 a4 24. Ke2 Kf7 25. f4 Ke7 26. Kd3 Kd7 27. Bd2 Rxc1 28. Rxc1 Rc8 29. Rxc8 Kxc8 30. g4 axb3 31. axb3 Kd7 32. g5 h6 33. h4 hxg5 34. hxg5 Bf8 1/2-1/2

[Event "Toronto-ch"]
[Site "Toronto CAN"]
[Date "2000.02.26"]
[Round "6"]
[White "Vaingorten, Yaaqov"]
[Black "Teodoro, Eduardo"]
[Result "0-1"]
[WhiteElo "2231"]
[BlackElo "2437"]
[PlyCount "114"]
[GameId "2160767911741344"]
[EventDate "2000.02.09"]
[EventType "tourn"]
[EventRounds "10"]
[EventCountry "CAN"]

1. Nf3 Nf6 2. c4 c5 3. g3 Nc6 4. Bg2 g6 5. O-O Bg7 6. d4 cxd4 7. Nxd4 O-O 8. Nc3 Nxd4 9. Qxd4 d6 10. Qd3 Nd7 11. b3 Nc5 12. Qd2 a5 13. Bb2 Bd7 14. Rfd1 Bc6 15. e4 a4 16. Nd5 Bxb2 17. Qxb2 Bxd5 18. exd5 axb3 19. axb3 Qb6 20. Rab1 Qb4 21. Qd2 Qxd2 22. Rxd2 Rfc8 23. b4 Na4 24. Rc1 b5 25. Rdc2 bxc4 26. Rxc4 Rxc4 27. Rxc4 Nb6 28. Rc1 Ra2 29. Rb1 Rd2 30. Kf1 Kf8 31. Ke1 Rd4 32. b5 Ke8 33. Ke2 Kd7 34. Ke3 Rc4 35. Kd3 Rc5 36. Be4 f5 37. Bg2 Nxd5 38. Bxd5 Rxd5+ 39. Kc4 Rc5+ 40. Kb4 Kc7 41. Ra1 Kb6 42. Ra6+ Kb7 43. Ra2 Rd5 44. f4 Rd4+ 45. Ka5 e5 46. fxe5 dxe5 47. Rc2 e4 48. Rc6 e3 49. Rb6+ Kc7 50. Rc6+ Kd7 51. Rc1 e2 52. Re1 Re4 53. Kb6 g5 54. Ka7 f4 55. gxf4 gxf4 56. b6 Ra4+ 57. Kb8 f3 0-1

[Event "Toronto-ch"]
[Site "Toronto CAN"]
[Date "2000.02.28"]
[Round "7"]
[White "Bluvshtein, Mark"]
[Black "Loo, Kent"]
[Result "1-0"]
[WhiteElo "2264"]
[BlackElo "2214"]
[PlyCount "77"]
[GameId "2160767911741346"]
[EventDate "2000.02.09"]
[EventType "tourn"]
[EventRounds "10"]
[EventCountry "CAN"]

1. e4 e5 2. Nf3 d6 3. d4 exd4 4. Nxd4 g6 5. Nc3 Bg7 6. Be3 Nf6 7. f3 O-O 8. Bc4 Nc6 9. a3 a6 10. Qd2 Nxd4 11. Bxd4 b5 12. Bb3 Be6 13. Bxe6 fxe6 14. O-O-O c5 15. Be3 b4 16. Nb1 bxa3 17. Nxa3 Rb8 18. c3 Qb6 19. Nc4 Qb3 20. Nxd6 Qa4 21. Qc2 Rb3 22. Bxc5 Bh6+ 23. Kb1 Rfb8 24. Rd4 Rxb2+ 25. Qxb2 Rxb2+ 26. Kxb2 Qa5 27. Rc4 Bf8 28. Ra1 Qc7 29. Bb4 Qb6 30. Rc8 Nd7 31. Kb3 Kg7 32. Nc4 Qb7 33. Rd8 Kh6 34. Rxd7 Qxd7 35. Bxf8+ Kh5 36. Ra5+ Kh4 37. Kc2 Qd8 38. Bh6 Qc8 39. Bg5+ 1-0

[Event "Toronto-ch"]
[Site "Toronto CAN"]
[Date "2000.02.28"]
[Round "7"]
[White "Evans, Bill"]
[Black "Vaingorten, Yaaqov"]
[Result "1-0"]
[WhiteElo "2175"]
[BlackElo "2231"]
[PlyCount "66"]
[GameId "2160767911741347"]
[EventDate "2000.02.09"]
[EventType "tourn"]
[EventRounds "10"]
[EventCountry "CAN"]

1. d4 Nf6 2. c4 g6 3. Nc3 Bg7 4. e4 d6 5. Be2 O-O 6. Nf3 e5 7. O-O Nc6 8. d5 Ne7 9. Ne1 Nd7 10. Nd3 f5 11. Bd2 Nf6 12. f3 c5 13. g4 Kh8 14. Rb1 Neg8 15. b4 b6 16. a4 f4 17. a5 h5 18. h3 Nh7 19. Kg2 Bf6 20. axb6 axb6 21. bxc5 bxc5 22. Qb3 Bh4 23. Qb6 Qe7 24. Ra1 Rxa1 25. Rxa1 Ng5 26. Ra7 Qf6 27. Nb5 Nxe4 28. Qc7 Ne7 29. Be1 hxg4 30. hxg4 Ng3 31. Bxg3 fxg3 32. Nxd6 Bxg4 33. Ne1 e4 1-0

[Event "Toronto-ch"]
[Site "Toronto CAN"]
[Date "2000.02.28"]
[Round "7"]
[White "Langen, Roger"]
[Black "Hunter, Mory"]
[Result "1-0"]
[WhiteElo "2238"]
[BlackElo "2059"]
[PlyCount "69"]
[GameId "2160767911741348"]
[EventDate "2000.02.09"]
[EventType "tourn"]
[EventRounds "10"]
[EventCountry "CAN"]

1. e4 c6 2. Nc3 d5 3. f4 dxe4 4. Nxe4 Nf6 5. Nf2 Qa5 6. Nf3 e6 7. c3 Bd6 8. d4 Nbd7 9. Ne5 Qc7 10. Bc4 b5 11. Be2 Bb7 12. O-O Nf8 13. Bf3 Ng6 14. g3 Nd5 15. Qe2 Bxe5 16. fxe5 O-O-O 17. Ne4 h6 18. Bh5 Rhf8 19. Nc5 Nh8 20. Bd2 Nb6 21. b3 Nd7 22. Ne4 Nb6 23. Nc5 Nd7 24. Ne4 Nb6 25. a4 a6 26. Nd6+ Kb8 27. Bf3 Rxd6 28. exd6 Qd7 29. c4 bxa4 30. bxa4 Ng6 31. Ba5 Nc8 32. c5 Nxd6 33. cxd6 Qxd6 34. Qb2 f5 35. Bb4 1-0

[Event "Toronto-ch"]
[Site "Toronto CAN"]
[Date "2000.03.01"]
[Round "8"]
[White "Hunter, Mory"]
[Black "Peredun, Andrew"]
[Result "0-1"]
[WhiteElo "2059"]
[BlackElo "2255"]
[PlyCount "92"]
[GameId "2160767911741351"]
[EventDate "2000.02.09"]
[EventType "tourn"]
[EventRounds "10"]
[EventCountry "CAN"]

1. e4 c5 2. Nf3 Nc6 3. Bb5 g6 4. Bxc6 dxc6 5. O-O Bg7 6. d3 Nf6 7. Nc3 O-O 8. Be3 b6 9. Qd2 Ng4 10. Bf4 e5 11. Be3 Nxe3 12. fxe3 Qe7 13. b3 Be6 14. Rf2 Rad8 15. Qe2 b5 16. h3 c4 17. Rd1 Qb4 18. Qe1 cxd3 19. cxd3 Rd6 20. Rc2 Rfd8 21. Qh4 h6 22. d4 g5 23. Qg3 exd4 24. e5 d3 25. Rcc1 R6d7 26. Nd4 Rxd4 27. exd4 Qxd4+ 28. Qf2 Bxe5 29. Qxd4 Bxd4+ 30. Kf1 Be3 31. Rb1 g4 32. Re1 Bd2 33. Rxe6 fxe6 34. Ne4 Bg5 35. hxg4 Rd4 36. Nxg5 hxg5 37. Kf2 d2 38. Rd1 c5 39. Ke3 e5 40. Rxd2 Rxd2 41. Kxd2 Kf7 42. Kd3 Ke6 43. Ke4 a5 44. a4 bxa4 45. bxa4 c4 46. g3 Kd6 0-1

[Event "Toronto-ch"]
[Site "Toronto CAN"]
[Date "2000.03.01"]
[Round "8"]
[White "Teodoro, Roderick"]
[Black "Evans, Bill"]
[Result "1-0"]
[WhiteElo "2240"]
[BlackElo "2175"]
[PlyCount "85"]
[GameId "2160767911741352"]
[EventDate "2000.02.09"]
[EventType "tourn"]
[EventRounds "10"]
[EventCountry "CAN"]

1. e4 g6 2. d4 Bg7 3. Be3 d6 4. Nc3 c6 5. Nf3 Nf6 6. Qd2 b5 7. a3 Nbd7 8. h3 O-O 9. Be2 e5 10. O-O Bb7 11. dxe5 dxe5 12. Bh6 Nc5 13. Bd3 Nfd7 14. Bxg7 Kxg7 15. Be2 Qe7 16. Rfd1 Rad8 17. Qe3 a6 18. b4 Ne6 19. Rd2 c5 20. Nd5 Bxd5 21. exd5 Nf4 22. d6 Qf6 23. bxc5 e4 24. c3 exf3 25. Bxf3 Rfe8 26. Qd4 Ne5 27. Bd5 Kg8 28. Kh1 Nxd5 29. Qxd5 Nc4 30. Rd3 Re5 31. Qd4 Qf5 32. a4 Rxc5 33. Rf3 Qe5 34. Qh4 Qg5 35. Qe4 Re5 36. Qb7 Nxd6 37. Qc7 Qe7 38. Qc6 Rc8 39. Qb6 Rf5 40. Rxf5 Nxf5 41. Qxa6 bxa4 42. Qxc8+ Kg7 43. Qc4 1-0

[Event "Toronto-ch"]
[Site "Toronto CAN"]
[Date "2000.03.01"]
[Round "8"]
[White "Vaingorten, Yaaqov"]
[Black "Paterson, Jim"]
[Result "1-0"]
[WhiteElo "2231"]
[BlackElo "2078"]
[PlyCount "121"]
[GameId "2160767911741353"]
[EventDate "2000.02.09"]
[EventType "tourn"]
[EventRounds "10"]
[EventCountry "CAN"]

1. Nf3 c5 2. c4 Nf6 3. Nc3 Nc6 4. g3 e6 5. Bg2 Be7 6. O-O O-O 7. d4 cxd4 8. Nxd4 a6 9. b3 Qb6 10. Nc2 Qc7 11. Bb2 b6 12. Rc1 Bb7 13. e4 Rab8 14. Ne3 Ba8 15. Ncd5 Qd8 16. Nxe7+ Qxe7 17. Re1 d6 18. f4 Rfd8 19. Qd2 Ne8 20. Rcd1 b5 21. Qf2 bxc4 22. Nxc4 Qa7 23. Ba3 Qxf2+ 24. Kxf2 Nb4 25. Rd2 d5 26. Bxb4 Rxb4 27. exd5 exd5 28. Bxd5 Kf8 29. Bxa8 Rxa8 30. Re5 Nf6 31. Kf3 Rb5 32. Rd6 Ne8 33. Rd7 Rxe5 34. Nxe5 f6 35. Nc4 f5 36. Ne3 Nf6 37. Rd6 Ne8 38. Rc6 g6 39. Nc4 Ke7 40. Rb6 Nf6 41. Ne5 a5 42. a4 Rc8 43. Nc6+ Kf7 44. Nxa5 Rc3+ 45. Ke2 Rc2+ 46. Kd3 Rxh2 47. Nc4 Ne4 48. a5 Ra2 49. b4 Nxg3 50. a6 Ne2 51. Ke3 Nc3 52. Kd4 Ne4 53. Nd6+ Nxd6 54. Rxd6 h5 55. b5 h4 56. Rd7+ Ke6 57. Rg7 Kf6 58. Rh7 Ra4+ 59. Kd5 Rxf4 60. b6 Rb4 61. b7 1-0